Word Ladder: Book Baddies Quiz Stats

Quiz Updated Mar 9, 2015

Challenge
Share
Tweet
Embed
Score 0/40 Timer 04:00
0 Plays Today
Hint 4-Letter Word % Correct
Not thisTHAT
95.7%
✤ Peter Pan baddie, [rung 14] ____HOOK
95%
Bring water to 100 degrees CBOIL
94.2%
Round metallic currencyCOIN
93.8%
Food preparation expertCOOK
93.8%
Owl callHOOT
93.7%
✤ Dr. Jekyll baddie, Mr. ____HYDE
93.3%
Wind into rings or spirals COIL
92.4%
Cow skinHIDE
91.9%
Bring togetherJOIN
91.6%
Comparative conjunctionTHAN
90.1%
✤ Treasure Island baddie, [rung 9] ____ Silver ✤JOHN
89.8%
Bitter liver outputBILE
89.5%
Sounded a bellRANG
89.2%
Tall storyTALE
88.6%
Discount merchandise eventSALE
88.5%
Udder nippleTEAT
87.1%
✤ Treasure Island baddie, ___ [rung 22] Silver ✤LONG
86.6%
Canadian singer k.d.LANG
86.6%
Peck at a keyboardTYPE
86.1%
Hint 4-Letter Word % Correct
Remain, stayBIDE
85.9%
Exaggerated publicity or promotionHYPE
85.5%
Masked mammal (abbrev.)COON
85.4%
Magnetic recording stripTAPE
85%
✤ Jungle Book baddie, Shere ____KHAN
83.9%
✤ Peter Pan baddie, ____ (abbrev.) [rung 18] ✤CAPT.
82.3%
Boggy mossPEAT
82.1%
Tirade, diatribeRANT
80.6%
✤ Oliver Twist baddie, ____ Sikes ✤BILL
80.2%
Cotton seed capsuleBOLL
80.1%
1972 Atari arcade gamePONG
76.8%
Sen. McCarthy lawyer RoyCOHN
76.4%
Completely fascinated, rivetedRAPT
74.6%
Dark rail-like birdCOOT
73.7%
Wise and experiencedSAGE
71.2%
Native Christian of EgyptCOPT
68.8%
Confined, repressedPENT
66.8%
South African river ferryPONT
61.8%
✤ Othello baddie, ____IAGO
50%
Indoor fern-like 'palm' plant SAGO
47.8%

Today's Daily Dose

Missing Word
Law Misconceptions

Word Ladder
Easy Math

On This Day
January 20th

You're not logged in!

Compare scores with friends on all Sporcle quizzes.
Sign Up with Email
OR
Log In

You Might Also Like...

Show Comments

Extras

Top Quizzes Today


Score Distribution

Your Account Isn't Verified!

In order to create a playlist on Sporcle, you need to verify the email address you used during registration. Go to your Sporcle Settings to finish the process.